00917 2200313 4500001002100000005001500021035002000036007000300056008004100059020002200100040002200122082001700144084001900161090002200180100002300202245006600225250003100291300003100322650002000353700004300373850001200416264003500428336002100463337003000484338002300514999002200537990002200559990002200581INLIS00000000086438920210903112512 a0010-0921000139ta210903s2021 yoi g ind d a978-623-6424-35-3 aYOPDYOGbinderda04223a899.2213 a899.2213 AKA s aCB-D.11 2021-09010 aAkaranaepengarang14aThe search /cAkarana; penyunting, Bangun Sentosa D. Haryanto aCetakan pertama, Juli 2021 aviii, 214 halaman ;c21 cm 4aFiksi Indonesia0 aBangun Sentosa D. Haryantoepenyunting aYOPDYOG31aBantul :bJejak Pustaka,c2021 2rdacontentateks 2rdamediaatanpa perantara 2rdacarrieravolume aCB-D.11/2021-0901 aCB-D.11/2021-0890 aCB-D.11/2021-0901